01310namaa22002171ia4500003000400000005001700004008004100021040003400062082003500096110008300131245002600214260003400240300000900274310001000283362000900293505053800302650003000840942001600870999001700886952018900903OSt20250221143805.0250210b2010 dr ar|js t|||o00| z1spa d aCGID0019bspacCGID00119erda04aIDEICE RD 371.3 I59mi 2010221 aInstituto Dominicano de Evaluación e Investigación de la Calidad Educativa aMemoriab IDEICE 2010 aSanto Domingo :bIDEICEc2011 a29p. aAnual a2011 aLa memoria de una institución se constituye en la oportunidad para dejar plasmadas las realizaciones y logros del desempeño que hayan tenido, en la ejecución de su propuesta programática. Por lo tanto, la Memoria IDEICE 2010 cumple con el propósito de rendir cuentas al país y sus organizaciones, así como al público interesado, de las realizaciones alcanzadas en este año del 2010 con los fondos que fueron destinados para la realización de sus actividades enmarcadas en los diferentes programas institucionales. a Memorias institucionales 2ddccREVn0 c12491d12491 00102ddc4070aRIbRId2025-02-10l0oIDEICE RD 371.3 I59mi 2010r2025-02-10 15:49:49uhttps://ideice.gob.do/documentacion/publicaciones-id-p1-66-memoria-ideice-2010w2025-02-10yREV